Statistiche per Cessioni più costose - Chelsea

Clicka qui per fare il quiz!

Statistiche generali

  • Questo quiz è stato fatto 17 volte
  • Il punteggio medio è 15 su 21

Statistiche sulle risposte

Costo (M €)ANazioneAnnoCalciatore% Corretto
115Real MadridBelgio2019Eden Hazard
100%
35,36EvertonBelgio2014Romelu Lukaku
93%
50RomaInghilterra2021Tammy Abraham
93%
20JuventusColombia2017Juan Cuadrado
87%
35Atletico MadridSpagna2020Álvaro Morata
80%
18Atletico MadridSpagna2019Álvaro Morata
80%
44,70Manchester UnitedSerbia2017Nemanja Matić
80%
60Shanghai PortBrasile2017Oscar
80%
20Red Bull LipsiaGermania2022Timo Werner
80%
49,50Paris Saint-GermainBrasile2014David Luiz
73%
60Atletico MadridBrasile/Spagna2018Diego Costa
73%
44,73Manchester UnitedSpagna2014Juan Mata
73%
35Real MadridPaesi Bassi2007Arjen Robben
67%
31,60MilanInghilterra/Canada2021Fikayo Tomori
67%
22WolfsburgBelgio2014Kevin De Bruyne
67%
35Real MadridBelgio2018Thibaut Courtois
67%
35West Ham UtdFrancia2021Kurt Zouma
60%
28Jiangsu FCBrasile2016Ramires
53%
32WolfsburgGermania2015André Schürrle
40%
22,80BournemouthPaesi Bassi2017Nathan Aké
40%
18Glasgow RangersNorvegia2000Tore André Flo
13%

Distribuzione punteggi

Percentile per numero di risposta

Percentuale di utenti per punteggio

I tuoi punteggi nel tempo

Non hai fatto questo quiz